000 00300nam a22001337a 4500
008 190225b xxu||||| |||| 00| 0 eng d
020 _a0867092769
041 _aeng
080 _a371
100 _a25
101 _aEDU
245 _aMind Matters. Teaching for Thinking
_cKirby, D
942 _2udc
_cBK
999 _c54208
_d54208